00924nam a22002297a 4500008004100000020001800041082001900059100003300078245009800111260003100209300001200240440005700252500007300309505006700382650001500449650002100464700003000485700003600515942001200551952011400563999001700677121214t xxu||||| |||| 00| 0 eng d a950-03-9215-1 2346.03 B388de  aBeccaria, Cesare, 1735-1795  aDe los delitos y de las penas / Cesare Beccaria ; tr. Antonio Bonanno ; prol. Silvina Ramirez aBuenos AiresbLosadac2002 a141 p.  a(Biblioteca de Obras Maestras del Pensamiento ; 19)  aIncluye: prólogo ; cronología de la vida y las obras ; notas.  aContenido: De los delitos y de las penas.- A quien leyere.-.  a1. DELITOS a2. DERECHO PENAL aI.Bonanno, Antonio ; tr.  aII. Ramirez, Silvina ; pról.  2ddccLB 00102lcc4070a01b01d2012-12-14l11o346.03 B388de p01 013293r2020-01-29s2020-01-06t1w2012-12-14yLB c88854d88854